[Event "Collado Villalba op 40th"]
[Site "Collado Villalba"]
[Date "2023.08.25"]
[Round "4"]
[White "Mochon Bernal, Jorge"]
[Black "Borruel Lopez, Enma"]
[Result "1-0"]
[WhiteElo "1608"]
[BlackElo "1001"]
[PlyCount "47"]
[EventDate "2023.08.22"]
[EventType "swiss"]
[EventRounds "9"]
[EventCountry "ESP"]
[SourceTitle "EXT 2024"]
[Source "ChessBase"]
[SourceDate "2023.10.10"]
[SourceVersion "1"]
[SourceVersionDate "2023.10.10"]
[SourceQuality "1"]

1. e4 e5 2. Nf3 Nc6 3. d4 exd4 4. Bc4 Bc5 5. c3 d6 6. b4 Bb6 7. cxd4 Bg4 8. Bxf7+ Kxf7 9. Ng5+ Qxg5 10. Qb3+ Be6 11. Qxe6+ Kxe6 12. d5+ Kf6 13. Bxg5+ Kxg5 14. f4+ Kf6 15. Nd2 Nxb4 16. Ke2 Be3 17. Nc4 Bxf4 18. Rhf1 Kg5 19. h4+ Kg4 20. g3 Be5 21. Rf5 g6 22. Ne3+ Kh3 23. Rh1+ Kxg3 24. Rf3# 1-0

[Event "San Sebastian de los Reyes op 20th"]
[Site "San Sebastian"]
[Date "2018.12.07"]
[Round "7"]
[White "Ruiz Grau, David"]
[Black "Mochon Bernal, Jorge"]
[Result "0-1"]
[WhiteElo "1289"]
[BlackElo "1439"]
[PlyCount "54"]
[EventDate "2018.12.01"]
[EventType "swiss"]
[EventRounds "9"]
[EventCountry "ESP"]
[SourceTitle "CBM 187 Extra"]
[Source "ChessBase"]
[SourceDate "2018.11.04"]
[SourceVersion "1"]
[SourceVersionDate "2018.11.04"]
[SourceQuality "1"]

1. d4 b6 2. Bf4 Bb7 3. e3 Nf6 4. Nf3 e6 5. Bd3 Be7 6. c4 0-0 7. Nc3 d5 8. b3 Bb4 9. Qc2 Ne4 10. Bxe4 dxe4 11. Nd2 f5 12. a3 Bd6 13. g3 a6 14. Qd1 Nd7 15. g4 Bxf4 16. exf4 e3 17. Nf3 exf2+ 18. Kxf2 fxg4 19. Qe1 Rxf4 20. Qxe6+ Kh8 21. d5 Rxf3+ 22. Ke2 Rxc3 23. Qxg4 Qe7+ 24. Kd1 Qe3 25. Rg1 Rd3+ 26. Kc2 Qd2+ 27. Kb1 Rxb3# 0-1

[Event "San Sebastian de los Reyes op 20th"]
[Site "San Sebastian"]
[Date "2018.12.04"]
[Round "4"]
[White "Mochon Bernal, Jorge"]
[Black "Rodriguez Bernal, Herman"]
[Result "0-1"]
[WhiteElo "1439"]
[BlackElo "1745"]
[PlyCount "46"]
[EventDate "2018.12.01"]
[EventType "swiss"]
[EventRounds "9"]
[EventCountry "ESP"]
[SourceTitle "CBM 187 Extra"]
[Source "ChessBase"]
[SourceDate "2018.11.04"]
[SourceVersion "1"]
[SourceVersionDate "2018.11.04"]
[SourceQuality "1"]

1. f4 c5 2. Nf3 b6 3. e3 Bb7 4. Be2 Nf6 5. b3 Nc6 6. Bb2 d5 7. 0-0 a6 8. d4 e6 9. Nbd2 Ng4 10. Ng5 Nxe3 11. Nxe6 fxe6 12. Qe1 Nxf1 13. Bh5+ Kd7 14. Qxf1 g6 15. Bg4 Bg7 16. c4 Nxd4 17. Nf3 Nxf3+ 18. Qxf3 Bxb2 19. Bxe6+ Kxe6 20. f5+ gxf5 21. Re1+ Be5 22. Qf4 Qf6 23. g4 Rhg8 0-1